| 000 | 00546cam a2200229ua 4500 | ||
|---|---|---|---|
| 020 | _c6.00 | ||
| 041 |
_amal _h |
||
| 082 |
_a671.3 _bPER/RU |
||
| 100 | _aPetrak, F . | ||
| 245 |
_aRupapeduthal / _cF Petrak. _hTextual Documents |
||
| 250 |
_a1 / _b. |
||
| 260 |
_aThiruvananthapuram : _bState Instititute of Languages , _c1972. |
||
| 300 | _a207 ; . | ||
| 365 | _a6.00 | ||
| 504 | _a | ||
| 942 | _cBK | ||
| 999 |
_c10891 _d10891 |
||